[Event "LSS SA-2020-0-00740"]
[Site "LSS email"]
[Date "2020.11.18"]
[Round "?"]
[White "Paetzold, Ortwin"]
[Black "Cleto Junior, Dirceu"]
[Result "1/2-1/2"]
[WhiteElo "2041"]
[BlackElo "2052"]
[PlyCount "42"]
[EventDate "2020.09.30"]
[EventType "tourn (corr)"]
[EventRounds "6"]
[EventCountry "GER"]
[SourceTitle "Corr 2024"]
[Source "ChessBase"]
[SourceDate "2023.10.19"]
[SourceVersion "1"]
[SourceVersionDate "2023.10.19"]
[SourceQuality "1"]

1. e4 e5 2. Nf3 Nc6 3. Bb5 Bc5 4. c3 Nf6 5. d4 exd4 6. e5 Ne4 7. 0-0 d5 8. cxd4 Bb6 9. Nc3 0-0 10. h3 Bf5 11. Be3 Ne7 12. Bd3 f6 13. Re1 c6 14. Qc2 Nxc3 15. bxc3 Bxd3 16. Qxd3 Ng6 17. Rab1 Qd7 18. exf6 Rxf6 19. Bg5 Re6 20. Rxe6 Qxe6 21. Re1 Qf7 1/2-1/2

[Event "LSS SA-2020-0-00740"]
[Site "LSS email"]
[Date "2020.11.18"]
[Round "?"]
[White "Paetzold, Ortwin"]
[Black "Hatsek, Werner"]
[Result "1/2-1/2"]
[WhiteElo "2041"]
[BlackElo "2061"]
[PlyCount "82"]
[EventDate "2020.09.30"]
[EventType "tourn (corr)"]
[EventRounds "6"]
[EventCountry "GER"]
[SourceTitle "Corr 2024"]
[Source "ChessBase"]
[SourceDate "2023.10.19"]
[SourceVersion "1"]
[SourceVersionDate "2023.10.19"]
[SourceQuality "1"]

1. e4 c5 2. Nf3 d6 3. d4 cxd4 4. Nxd4 Nf6 5. Nc3 a6 6. Bg5 e6 7. f4 h6 8. Bh4 Qb6 9. a3 Nc6 10. Bf2 Qc7 11. Qf3 e5 12. Nxc6 bxc6 13. f5 Bb7 14. 0-0-0 d5 15. Bd3 h5 16. Bh4 d4 17. Nb1 Nd7 18. Nd2 a5 19. Kb1 Rb8 20. Ka1 Ba6 21. Bxa6 Qb6 22. Nc4 Qxa6 23. Qd3 Qb5 24. b3 f6 25. a4 Qc5 26. Ka2 Nb6 27. Nxb6 Qa3+ 28. Kb1 Rxb6 29. Qc4 Be7 30. Be1 Bb4 31. Rd3 Bxe1 32. Rxe1 Qb4 33. Qxb4 Rxb4 34. Kb2 Ke7 35. Rg3 Rg8 36. c3 dxc3+ 37. Rxc3 Rgb8 38. Ka2 Kd6 39. Rec1 R8b6 40. Rc4 Rxc4 41. Rxc4 Rb8 1/2-1/2

[Event "LSS SA-2020-0-00740"]
[Site "LSS email"]
[Date "2020.11.18"]
[Round "?"]
[White "Paetzold, Ortwin"]
[Black "Lombart, Philippe"]
[Result "1/2-1/2"]
[WhiteElo "2041"]
[BlackElo "2110"]
[PlyCount "73"]
[EventDate "2020.09.30"]
[EventType "tourn (corr)"]
[EventRounds "6"]
[EventCountry "GER"]
[SourceTitle "Corr 2024"]
[Source "ChessBase"]
[SourceDate "2023.10.19"]
[SourceVersion "1"]
[SourceVersionDate "2023.10.19"]
[SourceQuality "1"]

1. e4 e5 2. Nf3 Nc6 3. Bb5 a6 4. Ba4 Nf6 5. 0-0 Nxe4 6. d4 b5 7. Bb3 d5 8. dxe5 Be6 9. Nbd2 Bc5 10. Nxe4 dxe4 11. Ng5 Qxd1 12. Rxd1 0-0 13. Nxe6 fxe6 14. Bxe6+ Kh8 15. Be3 Bxe3 16. fxe3 Nxe5 17. h3 Rae8 18. Bd5 g5 19. Rf1 g4 20. Kh2 gxh3 21. Kxh3 Rxf1 22. Rxf1 c6 23. Bb3 a5 24. a3 Kg7 25. Rf4 c5 26. Rxe4 c4 27. Ba2 Kf6 28. Rf4+ Ke6 29. g4 Rd8 30. Rd4 Rf8 31. Kg2 a4 32. c3 Rg8 33. Kh3 h5 34. gxh5 Rg1 35. h6 Rh1+ 36. Kg2 Rxh6 37. Bb1 1/2-1/2

[Event "LSS No Engine Cup 197 Preliminary 0"]
[Site "LSS email"]
[Date "2020.01.19"]
[Round "?"]
[White "Verich, Oleg"]
[Black "Paetzold, Ortwin"]
[Result "1-0"]
[WhiteElo "1359"]
[BlackElo "1308"]
[PlyCount "67"]
[EventDate "2020.01.19"]
[EventType "tourn (corr)"]
[EventRounds "6"]
[EventCountry "GER"]
[SourceTitle "Corr 2022"]
[Source "ChessBase"]
[SourceDate "2021.10.24"]
[SourceVersion "1"]
[SourceVersionDate "2021.10.24"]
[SourceQuality "1"]

1. d4 Nf6 2. c4 e6 3. Nf3 Bb4+ 4. Bd2 Qe7 5. a3 Bxd2+ 6. Nbxd2 0-0 7. e4 d5 8. e5 Nfd7 9. c5 b6 10. b4 bxc5 11. dxc5 c6 12. Bd3 Ba6 13. Qc2 Bxd3 14. Qxd3 a5 15. 0-0 a4 16. Rfe1 Na6 17. Nd4 Rac8 18. Qc2 Qg5 19. N2f3 Qe7 20. Qxa4 Ndb8 21. Rac1 Qb7 22. Qa5 Nc7 23. a4 Qa6 24. Qxa6 Ncxa6 25. Rb1 Nc7 26. Rec1 h6 27. Ne1 Rfe8 28. Nd3 f6 29. f4 f5 30. b5 cxb5 31. axb5 Kf7 32. b6 Nca6 33. Nb5 Re7 34. Nd6+ 1-0

[Event "WC-2019-S-00006"]
[Site "LSS email"]
[Date "2019.08.28"]
[Round "?"]
[White "Degn, Bruci"]
[Black "Paetzold, Ortwin"]
[Result "1/2-1/2"]
[WhiteElo "2110"]
[BlackElo "2054"]
[PlyCount "65"]
[EventDate "2019.09.01"]
[EventType "tourn (corr)"]
[EventRounds "12"]
[EventCountry "GER"]
[SourceTitle "Corr 2024"]
[Source "ChessBase"]
[SourceDate "2023.10.19"]
[SourceVersion "1"]
[SourceVersionDate "2023.10.19"]
[SourceQuality "1"]

1. Nf3 Nf6 2. g3 g6 3. Bg2 Bg7 4. 0-0 0-0 5. d3 d5 6. Nbd2 c5 7. e4 Nc6 8. Re1 d4 9. e5 Nd5 10. Nc4 Rb8 11. a4 b6 12. Bd2 Bf5 13. Ng5 h6 14. Ne4 Be6 15. f4 Ndb4 16. h4 Qd7 17. Rc1 Bxc4 18. dxc4 d3 19. Bxb4 Nxb4 20. c3 d2 21. Nxd2 Nd3 22. e6 fxe6 23. Rxe6 Nxc1 24. Bd5 Kh8 25. Qxc1 Rf6 26. Re2 Rd8 27. Ne4 Rff8 28. Nf2 Qxa4 29. Qb1 Qe8 30. Qe1 Qa4 31. Qb1 Qe8 32. Qe1 Qa4 33. Qb1 1/2-1/2

[Event "WC-2019-S-00006"]
[Site "LSS email"]
[Date "2019.08.28"]
[Round "?"]
[White "Paetzold, Ortwin"]
[Black "Pilgram, Kurt"]
[Result "0-1"]
[WhiteElo "2054"]
[BlackElo "2154"]
[PlyCount "54"]
[EventDate "2019.09.01"]
[EventType "tourn (corr)"]
[EventRounds "12"]
[EventCountry "GER"]
[SourceTitle "Corr 2024"]
[Source "ChessBase"]
[SourceDate "2023.10.19"]
[SourceVersion "1"]
[SourceVersionDate "2023.10.19"]
[SourceQuality "1"]

1. e4 c5 2. Nf3 d6 3. d4 cxd4 4. Nxd4 Nf6 5. Nc3 Nc6 6. Bg5 e6 7. Qd2 a6 8. 0-0-0 h6 9. Bf4 Bd7 10. Nxc6 Bxc6 11. f3 d5 12. Qe1 Bb4 13. a3 Bxc3 14. Qxc3 0-0 15. Be5 Nd7 16. Bd6 Re8 17. exd5 Bxd5 18. Qc7 Qg5+ 19. Bf4 Qf6 20. Bg3 Red8 21. Kb1 Rac8 22. Qf4 Qe7 23. Qb4 Nc5 24. Bc4 Bxc4 25. Qxc4 b5 26. Qh4 f6 27. Qb4 Qe8 0-1

[Event "SB-2019-0-00562"]
[Site "LSS email"]
[Date "2019.01.28"]
[Round "?"]
[White "Paetzold, Ortwin"]
[Black "Sternik, Ryszard"]
[Result "1-0"]
[WhiteElo "2016"]
[BlackElo "1977"]
[PlyCount "47"]
[EventDate "2018.12.23"]
[EventType "tourn (corr)"]
[EventRounds "6"]
[EventCountry "GER"]
[SourceTitle "Corr 2022"]
[Source "ChessBase"]
[SourceDate "2021.10.24"]
[SourceVersion "1"]
[SourceVersionDate "2021.10.24"]
[SourceQuality "1"]

1. e4 c5 2. Nf3 e6 3. d4 cxd4 4. Nxd4 Nf6 5. Nc3 Nc6 6. Ndb5 d6 7. Bc4 a6 8. Nd4 Be7 9. 0-0 Bd7 10. Be3 b5 11. Bd3 b4 12. Nce2 Ne5 13. c4 0-0 14. Ng3 Nxd3 15. Qxd3 Ng4 16. Bd2 a5 17. b3 Qb6 18. Rad1 e5 19. Ndf5 Bd8 20. Qe2 Nf6 21. Be3 Qb7 22. Nxd6 Qc7 23. Ngf5 Be6 24. Rd3 1-0

[Event "CP-2018-P-00003"]
[Site "LSS email"]
[Date "2018.09.27"]
[Round "?"]
[White "Paetzold, Ortwin"]
[Black "Billio, Maria"]
[Result "1/2-1/2"]
[WhiteElo "2022"]
[BlackElo "2050"]
[PlyCount "72"]
[EventDate "2018.10.01"]
[EventType "tourn (corr)"]
[EventRounds "6"]
[EventCountry "GER"]
[SourceTitle "Corr 2022"]
[Source "ChessBase"]
[SourceDate "2021.10.24"]
[SourceVersion "1"]
[SourceVersionDate "2021.10.24"]
[SourceQuality "1"]

1. e4 b6 2. d4 Bb7 3. Bd3 e6 4. Nf3 d5 5. e5 c5 6. c3 Qd7 7. 0-0 Nc6 8. Be3 cxd4 9. cxd4 Nge7 10. Nc3 Nf5 11. Bxf5 exf5 12. a3 Be7 13. Bg5 0-0 14. Qa4 Bxg5 15. Nxg5 Qe7 16. Nf3 Na5 17. Rac1 Rac8 18. Rfe1 Rfd8 19. Ne2 Bc6 20. Qd1 Bd7 21. Nf4 Be6 22. Re3 h6 23. Rec3 Qe8 24. Nd2 Rxc3 25. Rxc3 Rc8 26. Qc2 Rxc3 27. Qxc3 Qc6 28. Kf1 Qxc3 29. bxc3 g6 30. g3 Kf8 31. Ke2 b5 32. Nd3 Ke8 33. Nc5 Bc8 34. Ke3 Nc4+ 35. Nxc4 bxc4 36. Kd2 g5 1/2-1/2

[Event "CP-2018-P-00003"]
[Site "LSS email"]
[Date "2018.09.27"]
[Round "?"]
[White "Paetzold, Ortwin"]
[Black "Kireev, Sergey Ivanovich"]
[Result "1/2-1/2"]
[WhiteElo "2022"]
[BlackElo "2415"]
[PlyCount "61"]
[EventDate "2018.10.01"]
[EventType "tourn (corr)"]
[EventRounds "6"]
[EventCountry "GER"]
[SourceTitle "Corr 2022"]
[Source "ChessBase"]
[SourceDate "2021.10.24"]
[SourceVersion "1"]
[SourceVersionDate "2021.10.24"]
[SourceQuality "1"]

1. e4 c5 2. Nf3 Nc6 3. d4 cxd4 4. Nxd4 Nf6 5. Nc3 e5 6. Ndb5 d6 7. Bg5 a6 8. Na3 b5 9. Bxf6 gxf6 10. Nd5 f5 11. c3 Bg7 12. exf5 Bxf5 13. Nc2 0-0 14. Bd3 Be6 15. Nce3 f5 16. 0-0 Kh8 17. Qh5 e4 18. Bc2 Ne5 19. Nf4 Bd7 20. Ned5 Rb8 21. Rad1 Be8 22. Qh3 Bd7 23. Qh5 Be8 24. Qh3 Bd7 25. b4 a5 26. Qh5 axb4 27. cxb4 Rc8 28. Bb3 Be8 29. Qh3 Bf7 30. Ne3 Ng6 31. Nh5 1/2-1/2

[Event "WC-2018-S-00005"]
[Site "LSS email"]
[Date "2018.07.11"]
[Round "?"]
[White "Evans, Stan"]
[Black "Paetzold, Ortwin"]
[Result "1-0"]
[WhiteElo "1991"]
[BlackElo "2007"]
[PlyCount "37"]
[EventDate "2018.07.15"]
[EventType "tourn (corr)"]
[EventRounds "12"]
[EventCountry "GER"]
[SourceTitle "Corr 2024"]
[Source "ChessBase"]
[SourceDate "2023.10.19"]
[SourceVersion "1"]
[SourceVersionDate "2023.10.19"]
[SourceQuality "1"]

1. e4 c5 2. Nf3 d6 3. d4 cxd4 4. Nxd4 Nf6 5. Nc3 a6 6. Be2 e6 7. Be3 Be7 8. f4 0-0 9. g4 d5 10. e5 Nfd7 11. g5 b5 12. Bd3 Nc5 13. Bxh7+ Kxh7 14. Qh5+ Kg8 15. Rg1 g6 16. Qh4 b4 17. Rg3 f5 18. gxf6 Bxf6 19. Rxg6+ 1-0

[Event "WC-2018-S-00005"]
[Site "LSS email"]
[Date "2018.07.11"]
[Round "?"]
[White "Paetzold, Ortwin"]
[Black "Ilyin, Igor"]
[Result "1-0"]
[WhiteElo "2007"]
[BlackElo "1965"]
[PlyCount "75"]
[EventDate "2018.07.15"]
[EventType "tourn (corr)"]
[EventRounds "12"]
[EventCountry "GER"]
[SourceTitle "Corr 2024"]
[Source "ChessBase"]
[SourceDate "2023.10.19"]
[SourceVersion "1"]
[SourceVersionDate "2023.10.19"]
[SourceQuality "1"]

1. e4 c5 2. Nf3 d6 3. d4 cxd4 4. Nxd4 Nf6 5. Nc3 g6 6. Bd3 Bg7 7. 0-0 Nc6 8. Nxc6 bxc6 9. b3 0-0 10. Bb2 Rb8 11. Qe2 Qc7 12. f4 e5 13. Na4 Be6 14. f5 Bd7 15. c4 Rfe8 16. Rac1 Rbc8 17. Qf2 Qd8 18. Rcd1 Ng4 19. Qg3 Nf6 20. Bc1 Nh5 21. Qf2 gxf5 22. exf5 Nf6 23. Qh4 d5 24. Bg5 Qe7 25. Be2 e4 26. g4 Red8 27. Be3 c5 28. cxd5 Bxa4 29. g5 Bd7 30. Bf4 Nxd5 31. Rxd5 Bd4+ 32. Kg2 e3 33. Kg3 Be8 34. f6 Qe4 35. Rd1 Rxd5 36. Bd3 Qxd3 37. Rxd3 e2 38. Bd2 1-0

[Event "WC-2018-P-00008"]
[Site "LSS email"]
[Date "2018.01.22"]
[Round "?"]
[White "Jablonski, Czeslaw"]
[Black "Paetzold, Ortwin"]
[Result "1-0"]
[WhiteElo "2200"]
[BlackElo "1954"]
[PlyCount "103"]
[EventDate "2018.02.01"]
[EventType "tourn (corr)"]
[EventRounds "12"]
[EventCountry "GER"]
[SourceTitle "Corr 2022"]
[Source "ChessBase"]
[SourceDate "2021.10.24"]
[SourceVersion "1"]
[SourceVersionDate "2021.10.24"]
[SourceQuality "1"]

1. e4 c5 2. Nf3 d6 3. d4 cxd4 4. Nxd4 Nf6 5. Nc3 a6 6. Bg5 Nc6 7. Qd2 e6 8. 0-0-0 Bd7 9. f4 Be7 10. Nf3 b5 11. Bxf6 gxf6 12. Kb1 Qb6 13. f5 0-0-0 14. g3 Kb8 15. fxe6 fxe6 16. Bh3 Bc8 17. Qh6 Qc5 18. Rhf1 b4 19. Na4 Qa7 20. b3 Rhg8 21. Rfe1 Bd7 22. Nb2 Qb6 23. Rd2 Bc8 24. Na4 Qa7 25. Qh5 Bd7 26. Red1 Qb7 27. Nd4 Be8 28. Qe2 Nxd4 29. Rxd4 Bf7 30. Qe1 a5 31. a3 d5 32. exd5 e5 33. d6 exd4 34. dxe7 Rd6 35. Nc5 Qc6 36. axb4 Re8 37. Kb2 Bg6 38. Bf1 Qf3 39. Bd3 Bxd3 40. cxd3 Qg2+ 41. Ka3 Qd5 42. Rc1 Rc6 43. Rc4 f5 44. Kb2 h6 45. Qa1 Qd6 46. bxa5 Qxe7 47. b4 Qe1 48. Qxe1 Rxe1 49. b5 Rd6 50. b6 Re7 51. Kb3 Re8 52. Ka4 1-0

[Event "CP-2017-P-00043"]
[Site "LSS email"]
[Date "2017.09.27"]
[Round "?"]
[White "Laine, Jari"]
[Black "Paetzold, Ortwin"]
[Result "1/2-1/2"]
[WhiteElo "1975"]
[BlackElo "1948"]
[PlyCount "77"]
[EventDate "2017.10.01"]
[EventType "tourn (corr)"]
[EventRounds "6"]
[EventCountry "GER"]
[SourceTitle "Corr 2022"]
[Source "ChessBase"]
[SourceDate "2021.10.24"]
[SourceVersion "1"]
[SourceVersionDate "2021.10.24"]
[SourceQuality "1"]

1. e4 e5 2. Nf3 Nc6 3. Bc4 Bc5 4. c3 Nf6 5. d3 d6 6. Bb3 a6 7. h3 Be6 8. Bc2 d5 9. Qe2 0-0 10. Nbd2 d4 11. Bb3 Qe7 12. Bxe6 Qxe6 13. Nb3 Bb6 14. cxd4 exd4 15. 0-0 Rae8 16. Qc2 Nb4 17. Qd2 Nc6 18. Qd1 Nd7 19. Ng5 Qf6 20. f4 h6 21. Nf3 Nd8 22. Bd2 c5 23. Nc1 a5 24. b3 Nc6 25. a3 Qd6 26. Rb1 Bc7 27. Ne2 b5 28. Rc1 f5 29. e5 Qd5 30. Qc2 Bb6 31. Kh2 Re6 32. Ra1 Rb8 33. Rfc1 Rf8 34. Kg1 Ne7 35. Kh2 Nc6 36. Rf1 Bc7 37. Kh1 Bb6 38. Rfc1 Rfe8 39. Qa2 1/2-1/2

[Event "CP-2017-P-00043"]
[Site "LSS email"]
[Date "2017.09.27"]
[Round "?"]
[White "Paetzold, Ortwin"]
[Black "Ortiz, Manuel"]
[Result "0-1"]
[WhiteElo "1948"]
[BlackElo "2332"]
[PlyCount "128"]
[EventDate "2017.10.01"]
[EventType "tourn (corr)"]
[EventRounds "6"]
[EventCountry "GER"]
[SourceTitle "Corr 2022"]
[Source "ChessBase"]
[SourceDate "2021.10.24"]
[SourceVersion "1"]
[SourceVersionDate "2021.10.24"]
[SourceQuality "1"]

1. Nf3 Nf6 2. g3 g6 3. Bg2 Bg7 4. d3 0-0 5. 0-0 c5 6. Nbd2 Nc6 7. e4 d6 8. Re1 Rb8 9. a4 b6 10. Nc4 Bb7 11. Bd2 Qc7 12. Qc1 Rbd8 13. Bh6 Nd4 14. Na3 Nxf3+ 15. Bxf3 Bc6 16. Bxg7 Kxg7 17. b3 e5 18. Nb5 Qd7 19. Bg2 Nh5 20. Bf3 h6 21. c4 a5 22. Nc3 f5 23. Qd1 Nf6 24. exf5 Bxf3 25. Qxf3 Ng8 26. Rf1 Rxf5 27. Qe4 Rdf8 28. f3 Nf6 29. Qe2 Ng8 30. Qe4 Nf6 31. Qe2 h5 32. Rae1 h4 33. Kg2 Ne8 34. f4 Nf6 35. g4 h3+ 36. Kxh3 Rh5+ 37. Kg3 exf4+ 38. Rxf4 Re5 39. Qd2 Nh5+ 40. gxh5 Rg5+ 41. Kf2 Rxf4+ 42. Qxf4 Rf5 43. Re4 Rxf4+ 44. Rxf4 gxh5 45. Ke2 Qe6+ 46. Kd2 Qh6 47. Ke3 Qg5 48. Ne4 Qg1+ 49. Rf2 Qe1+ 50. Re2 Qb1 51. Nd2 Qa1 52. Rg2+ Kf7 53. Ke2 Qh1 54. Rf2+ Ke6 55. Ne4 Qg1 56. h3 Ke5 57. Nd2 Qg6 58. Nf3+ Ke6 59. h4 Qg4 60. Ke3 Kd7 61. Rf1 Qg7 62. Ke2 Qb2+ 63. Nd2 Qe5+ 64. Ne4 Qh2+ 0-1

[Event "WC-2017-S-00009"]
[Site "LSS email"]
[Date "2017.05.17"]
[Round "?"]
[White "Paetzold, Ortwin"]
[Black "Habes, Jiri"]
[Result "1-0"]
[WhiteElo "1957"]
[BlackElo "1951"]
[PlyCount "121"]
[EventDate "2017.06.01"]
[EventType "tourn (corr)"]
[EventRounds "12"]
[EventCountry "GER"]
[SourceTitle "Corr 2024"]
[Source "ChessBase"]
[SourceDate "2023.10.19"]
[SourceVersion "1"]
[SourceVersionDate "2023.10.19"]
[SourceQuality "1"]

1. e4 c5 2. Nf3 d6 3. d4 cxd4 4. Nxd4 Nf6 5. Nc3 a6 6. Bg5 e6 7. f4 Be7 8. Qf3 h6 9. Bh4 Nc6 10. 0-0-0 Qc7 11. Nxc6 bxc6 12. e5 dxe5 13. fxe5 Nd5 14. Bxe7 Nxe7 15. Rd6 0-0 16. Bd3 Bb7 17. Qg4 Kh8 18. Rd1 c5 19. Be4 Bxe4 20. Qxe4 Ra7 21. Na4 Qa5 22. b3 Nf5 23. R6d3 c4 24. Qxc4 Qxe5 25. Qc5 Qxc5 26. Nxc5 Rc8 27. Rd8+ Rxd8 28. Rxd8+ Kh7 29. b4 h5 30. Rd7 Rxd7 31. Nxd7 Kg6 32. a4 Nd6 33. Kd2 Kf5 34. Kd3 e5 35. Nc5 e4+ 36. Kd4 Kf4 37. c4 Nf5+ 38. Kc3 e3 39. Nxa6 Nd6 40. Kd3 h4 41. Nc5 h3 42. gxh3 Kf3 43. Nb3 f5 44. c5 Nf7 45. Nd4+ Kf2 46. a5 f4 47. a6 Ne5+ 48. Kc3 Nc6 49. Nc2 Na7 50. Kc4 e2 51. b5 f3 52. b6 Kg1 53. Nd4 f2 54. Nxe2+ Kxh2 55. b7 f1Q 56. b8Q+ Kh1 57. Qb7+ Kh2 58. Qc7+ Kh1 59. Qe7 Kg2 60. Qxg7+ Kh2 61. Qg1+ 1-0

[Event "WC-2017-S-00009"]
[Site "LSS email"]
[Date "2017.05.17"]
[Round "?"]
[White "Paetzold, Ortwin"]
[Black "Knoeppel, Bjoern"]
[Result "1/2-1/2"]
[WhiteElo "1957"]
[BlackElo "1962"]
[PlyCount "99"]
[EventDate "2017.06.01"]
[EventType "tourn (corr)"]
[EventRounds "12"]
[EventCountry "GER"]
[SourceTitle "Corr 2024"]
[Source "ChessBase"]
[SourceDate "2023.10.19"]
[SourceVersion "1"]
[SourceVersionDate "2023.10.19"]
[SourceQuality "1"]

1. e4 e6 2. d4 d5 3. Nd2 c5 4. exd5 Qxd5 5. Ngf3 cxd4 6. Bc4 Qd6 7. 0-0 Nf6 8. Nb3 Nc6 9. Nbxd4 Nxd4 10. Nxd4 a6 11. Bb3 Qc7 12. Qd3 Bd7 13. h3 Bd6 14. Re1 0-0-0 15. Be3 h6 16. Rad1 Bc6 17. Qe2 Be4 18. c3 Kb8 19. Bc2 Bxc2 20. Nxc2 Nd5 21. Bd4 Nf4 22. Qe3 e5 23. Bxe5 Bxe5 24. Rxd8+ Rxd8 25. Qxe5 Qxe5 26. Rxe5 Rd1+ 27. Kh2 Rd2 28. Nd4 g5 29. Kg3 Rxb2 30. a4 Ra2 31. h4 Ng6 32. Re8+ Ka7 33. h5 Nf4 34. Re7 Nxh5+ 35. Kf3 Rxa4 36. Nc6+ Kb6 37. Nd8 g4+ 38. Ke3 Nf4 39. Rxb7+ Kc5 40. g3 Nd5+ 41. Kd3 Ra3 42. Nxf7 Rxc3+ 43. Ke4 Rc4+ 44. Ke5 Rc2 45. Nxh6 Re2+ 46. Kf5 Rxf2+ 47. Kxg4 Rf8 48. Ra7 Kb6 49. Rf7 Rxf7 50. Nxf7 1/2-1/2

[Event "WC-2017-S-00009"]
[Site "LSS email"]
[Date "2017.05.17"]
[Round "?"]
[White "Paetzold, Ortwin"]
[Black "Weiss, Lester"]
[Result "1/2-1/2"]
[WhiteElo "1957"]
[BlackElo "2009"]
[PlyCount "40"]
[EventDate "2017.06.01"]
[EventType "tourn (corr)"]
[EventRounds "12"]
[EventCountry "GER"]
[SourceTitle "Corr 2024"]
[Source "ChessBase"]
[SourceDate "2023.10.19"]
[SourceVersion "1"]
[SourceVersionDate "2023.10.19"]
[SourceQuality "1"]

1. e4 c5 2. Nf3 d6 3. d4 cxd4 4. Nxd4 a6 5. Nc3 Nf6 6. Bg5 e6 7. f4 h6 8. Bh4 Qb6 9. a3 Be7 10. Bf2 Qc7 11. Qf3 Nc6 12. 0-0-0 Bd7 13. Nb3 Rb8 14. Qe2 Na5 15. Nxa5 Qxa5 16. e5 dxe5 17. fxe5 Nd5 18. Nxd5 exd5 19. Qe1 Qxe1 20. Rxe1 Bf5 1/2-1/2

[Event "WC-2017-S-00009"]
[Site "LSS email"]
[Date "2017.05.17"]
[Round "?"]
[White "Paetzold, Ortwin"]
[Black "Wittal, Werner"]
[Result "1/2-1/2"]
[WhiteElo "1957"]
[BlackElo "2008"]
[PlyCount "56"]
[EventDate "2017.06.01"]
[EventType "tourn (corr)"]
[EventRounds "12"]
[EventCountry "GER"]
[SourceTitle "Corr 2024"]
[Source "ChessBase"]
[SourceDate "2023.10.19"]
[SourceVersion "1"]
[SourceVersionDate "2023.10.19"]
[SourceQuality "1"]

1. e4 e5 2. Nf3 Nc6 3. Bb5 a6 4. Ba4 Nf6 5. 0-0 Be7 6. Bxc6 dxc6 7. d3 Nd7 8. Be3 0-0 9. Nbd2 f6 10. c3 a5 11. Qc2 b6 12. d4 Ba6 13. Rfe1 Qe8 14. b3 Qf7 15. Rac1 Bd6 16. dxe5 Nxe5 17. Nxe5 fxe5 18. c4 Ba3 19. Rcd1 Bc8 20. c5 b5 21. Rf1 Be6 22. Nf3 Bg4 23. Nxe5 Bxd1 24. Rxd1 Qe6 25. f4 Rad8 26. Rf1 Rfe8 27. Qf2 Bb4 28. Bd4 Qe7 1/2-1/2

[Event "SB-2017-0-00486"]
[Site "LSS email"]
[Date "2017.02.14"]
[Round "?"]
[White "Langheld, Werner"]
[Black "Paetzold, Ortwin"]
[Result "1/2-1/2"]
[WhiteElo "2010"]
[BlackElo "1928"]
[PlyCount "101"]
[EventDate "2017.01.03"]
[EventType "tourn (corr)"]
[EventRounds "6"]
[EventCountry "GER"]
[SourceTitle "Corr 2022"]
[Source "ChessBase"]
[SourceDate "2021.10.24"]
[SourceVersion "1"]
[SourceVersionDate "2021.10.24"]
[SourceQuality "1"]

1. e4 c5 2. b4 cxb4 3. a3 d5 4. exd5 Qxd5 5. Nf3 e5 6. c4 Qe6 7. Bd3 Nf6 8. 0-0 Nc6 9. Re1 Qd6 10. Bf1 Be7 11. axb4 e4 12. b5 exf3 13. bxc6 Ng4 14. g3 0-0 15. Ba3 Qd4 16. Qxf3 Bxa3 17. Nxa3 Ne5 18. Qe3 Qxe3 19. Rxe3 Nxc6 20. Nb5 Be6 21. d4 a6 22. Nc7 Rac8 23. Nxe6 fxe6 24. Re4 Rcd8 25. d5 exd5 26. cxd5 Na7 27. Bh3 Rfe8 28. Rxe8+ Rxe8 29. Rb1 Rb8 30. d6 Kf7 31. d7 Nb5 32. Kg2 Rd8 33. Kf3 Ke7 34. Re1+ Kd6 35. Rd1+ Kc7 36. Rc1+ Kd6 37. Rc8 Nd4+ 38. Ke3 Nc6 39. f4 g6 40. Kd3 Kc5 41. Kc3 h6 42. Kb3 Kd6 43. Kc3 Kc5 44. Bg4 Kd6 45. h4 h5 46. Bh3 a5 47. Kb2 Ke7 48. Rc7 a4 49. Ka3 Nd4 50. Rxb7 Nf5 51. Bxf5 1/2-1/2

[Event "SB-2017-0-00486"]
[Site "LSS email"]
[Date "2017.02.12"]
[Round "?"]
[White "Paetzold, Ortwin"]
[Black "Ederer, Karel"]
[Result "1/2-1/2"]
[WhiteElo "1928"]
[BlackElo "1946"]
[PlyCount "113"]
[EventDate "2017.01.03"]
[EventType "tourn (corr)"]
[EventRounds "6"]
[EventCountry "GER"]
[SourceTitle "Corr 2022"]
[Source "ChessBase"]
[SourceDate "2021.10.24"]
[SourceVersion "1"]
[SourceVersionDate "2021.10.24"]
[SourceQuality "1"]

1. e4 c5 2. Nf3 Nc6 3. d4 cxd4 4. Nxd4 Nf6 5. Nc3 e5 6. Ndb5 d6 7. Bg5 a6 8. Na3 b5 9. Bxf6 gxf6 10. Nd5 f5 11. Bd3 Be6 12. 0-0 Bxd5 13. exd5 Ne7 14. c3 Bg7 15. Nc2 0-0 16. Qh5 e4 17. Be2 Rc8 18. f3 Qb6+ 19. Kh1 Rc7 20. a3 e3 21. Bd3 Re8 22. Rae1 Nxd5 23. Qxf5 Nf6 24. Re2 Rc5 25. Qh3 Rh5 26. Qg3 Rd5 27. Nb4 Rde5 28. Rfe1 a5 29. Nc2 Qc5 30. Qf4 Nd5 31. Qg4 Kf8 32. Nd4 Nf6 33. Qg3 b4 34. f4 Rd5 35. axb4 axb4 36. Rxe3 bxc3 37. Rxe8+ Nxe8 38. bxc3 Bxd4 39. cxd4 Qxd4 40. Bxh7 Nf6 41. Bb1 Qd2 42. Rf1 Rd4 43. f5 Nh5 44. Qe1 d5 45. Qxd2 Rxd2 46. Kg1 Nf6 47. h3 Kg7 48. Kh2 Nh5 49. h4 Rb2 50. f6+ Nxf6 51. Bf5 Rb4 52. Kh3 Rb3+ 53. Rf3 Rxf3+ 54. gxf3 d4 55. Kg3 Nd5 56. Be4 Ne3 57. f4 1/2-1/2

[Event "SB-2017-0-00486"]
[Site "LSS email"]
[Date "2017.02.09"]
[Round "?"]
[White "Kolasa, Pjotrs"]
[Black "Paetzold, Ortwin"]
[Result "0-1"]
[WhiteElo "1950"]
[BlackElo "1928"]
[PlyCount "34"]
[EventDate "2017.01.03"]
[EventType "tourn (corr)"]
[EventRounds "6"]
[EventCountry "GER"]
[SourceTitle "Corr 2022"]
[Source "ChessBase"]
[SourceDate "2021.10.24"]
[SourceVersion "1"]
[SourceVersionDate "2021.10.24"]
[SourceQuality "1"]

1. d4 Nf6 2. c4 g6 3. Nc3 d5 4. Nf3 Bg7 5. Qb3 dxc4 6. Qxc4 0-0 7. e4 a6 8. Be2 b5 9. Qb3 Nc6 10. e5 Be6 11. exf6 Bxb3 12. fxg7 Kxg7 13. axb3 Nxd4 14. Nxd4 Qxd4 15. 0-0 Qb4 16. Bf3 Qxb3 17. Ra3 Qc4 0-1

[Event "SB-2017-0-00484"]
[Site "LSS email"]
[Date "2017.01.29"]
[Round "?"]
[White "De la Foret, Fred"]
[Black "Paetzold, Ortwin"]
[Result "0-1"]
[WhiteElo "1806"]
[BlackElo "1923"]
[PlyCount "34"]
[EventDate "2016.12.26"]
[EventType "tourn (corr)"]
[EventRounds "6"]
[EventCountry "GER"]
[SourceTitle "Corr 2022"]
[Source "ChessBase"]
[SourceDate "2021.10.24"]
[SourceVersion "1"]
[SourceVersionDate "2021.10.24"]
[SourceQuality "1"]

1. d4 Nf6 2. Bg5 c5 3. Bxf6 gxf6 4. g3 Qb6 5. d5 Qxb2 6. Nd2 f5 7. Bg2 d6 8. Ngf3 Bg7 9. Rb1 Qxa2 10. c4 Na6 11. 0-0 Nb4 12. e4 fxe4 13. Ng5 h6 14. Ngxe4 0-0 15. Rb3 Qc2 16. Qxc2 Nxc2 17. Nc3 Nd4 0-1